Congressional elections, 1896-1944 ; the sectional basis of political democracy in the House of Representatives.

Bibliographic Details
Main Author: Ewing, Cortez Arthur Milton, 1896-1962
Format: Book
Language:English
Published: Norman : Univ. of Oklahoma Press, 1947.
Edition:[1st ed.].
Subjects:

MARC

Tag First Indicator Second Indicator Subfields
LEADER 00000cam a2200000 4500
001 in00000057010
005 20151008050932.0
008 721121s1947 oku 00000 eng u
010 |a  47031040  
035 |a (OCoLC)00499661 
035 |9 AAG4421AM 
040 |c WSU  |d TXA  |d UtOrBLW 
049 |a TXAM  |c [153421] 
050 0 |a JK1316  |b .E9 
092 |a 328.73  |b E95c 
100 1 |a Ewing, Cortez Arthur Milton,  |d 1896-1962. 
245 1 0 |a Congressional elections, 1896-1944 ;  |b the sectional basis of political democracy in the House of Representatives. 
250 |a [1st ed.]. 
264 1 |a Norman :  |b Univ. of Oklahoma Press,  |c 1947. 
300 |a 110 pages 
336 |a text  |b txt  |2 rdacontent 
337 |a unmediated  |b n  |2 rdamedia 
338 |a volume  |b nc  |2 rdacarrier 
610 1 0 |a United States.  |b Congress.  |b House  |x Elections. 
650 0 |a Political parties  |z United States. 
651 0 |a United States  |x Politics and government  |y 20th century. 
999 |a MARS 
999 f f |s af07787b-1d72-3cb1-890d-a0b3801ed905  |i a5d7fb7e-e059-38f5-9597-16fdf1447656  |t 0 
952 f f |p ric  |a Texas A&M University  |b Rellis Campus  |c Joint Library Facility  |d Remote Storage  |t 0  |e JK1316 .E9  |h Library of Congress classification  |i unmediated -- volume  |m A14800682118 
998 f f |a JK1316 .E9  |t 0  |l Remote Storage